Catalog

Record Details

Catalog Search



The Art of Biblical Narrative /  Robert Alter Cover Image Book Book

The Art of Biblical Narrative /  Robert Alter

Alter, Robert (Author).

Record details

  • ISBN: 978-0-465-02555-8
  • Physical Description: xvi, 253 s.
  • Publisher: New York :  Basic Books, 2011
Subject: Bible. O.T. - Language, Style
Narration in the Bible

Available copies

  • 1 of 1 copy available at Common Catalog SPOK.

Holds

  • 0 current holds with 1 total copy.
Show Only Available Copies
Location Call Number / Copy Notes Barcode Shelving Location Status Due Date
ETS Library 221.66 424470020585 Volný výběr Available -

LDR nam a22 i 4500
00157225
003CZ-PrJAB
00520240403105201.0
007ta
008240403s2011 us e 000 0 eng
020 . ‡a978-0-465-02555-8
040 . ‡aABG450 ‡bcze ‡erda
08214. ‡a221.66
1001 . ‡aAlter, Robert ‡4aut
24510. ‡aThe Art of Biblical Narrative /  ‡nRobert Alter
264 1. ‡aNew York :  ‡bBasic Books, ‡c2011
300 . ‡axvi, 253 s.
336 . ‡atext ‡btxt ‡2rdacontent
338 . ‡asvazek ‡bnc ‡2rdacarrier
650 7. ‡aBible. O.T. - Language, Style
650 7. ‡aNarration in the Bible
910 . ‡aABG450
901 . ‡a57225 ‡bAUTOGEN ‡c57225 ‡tbiblio

Additional Resources